In-shore oil spills : some economic aspects of recovery and dispersal operations /

Saved in:
Bibliografiske detaljer
Hovedforfatter: Hendriksen, Margriet
Andre forfattere: Guest, James F., Blakey, Ken
Format: Bog
Sprog:English
Udgivet: Sydney : Govt. Printer, 1979.
Serier:Research bulletin ; no.12
Fag:
LEADER 01354nam a2200337 i 4500
001 c000192335
003 CARM
005 20021125001500.0
008 820810s1979 at b s00000 eng d
019 1 |a 2283769  |z 1787863  |5 LACONCORD2021 
020 |a 0909716684 
035 |a (OCoLC)152382550  |5 LACONCORD2021 
042 |a anuc 
043 |a u-at--- 
100 1 |a Hendriksen, Margriet. 
245 1 0 |a In-shore oil spills :  |b some economic aspects of recovery and dispersal operations /  |c Margriet Hendriksen, James F. Guest, Ken Blakey. 
260 |a Sydney :  |b Govt. Printer,  |c 1979. 
300 |a 23p. 
490 1 |a Research bulletin ;  |v no.12 
504 |a Bibliography: p.20-21. 
650 0 |a Oil spills  |x Economic aspects  |z Australia. 
650 0 |a Oil spills  |x Environmental aspects  |z Australia. 
650 0 |a Oil pollution of water  |x Economic aspects  |z Australia. 
650 0 |a Oil pollution of water  |x Environmental aspects  |z Australia. 
700 1 |a Guest, James F. 
700 1 |a Blakey, Ken. 
810 2 |a University of Woolongong.  |b Dept. of Economics.  |t Research bulletin ;  |v no.12. 
852 8 |b CARM  |h A2:AH19H0  |i F01071  |p 0306302  |f BK 
082 0 4 |a 628.168894 
999 f f |i c9756695-bad3-5f6a-b7fb-3875124d6837  |s a87b9308-6f89-5db4-8d0c-943d4e153f74 
952 f f |p Can circulate  |a CAVAL  |b CAVAL  |c CAVAL  |d CARM 1 Store  |e F01071  |f A2:AH19H0  |h Other scheme  |i book  |m 0306302